000 00366 a2200157 4500
001 148817
040 _cEscola São Tomás de Aquino
100 _aMURRAY, Roseana
240 1 0 _aUm gato marinheiro
_lpor
245 1 0 _aUm gato marinheiro
300 _a23
362 0 _a2004
440 1 _aDifusão Cultural do Livro
697 _a*LITERATURA INFANTO
942 _cBK
999 _c148817
_d148817